000 00653nam a2200265Ia 4500
003 OSt
005 20221006151822.0
006 a|||||r|||| 00| 0
007 ta
008 221006b |||||||| |||| 00| 0 eng d
020 _c1006.00
024 _a23,506
037 _cTextual
040 _aEASL
_cEASL
_beng
041 _2eng
_aeng
082 _an41.N83, M4
100 _aLAMB M
_9660070
245 0 _aDirectory of officials and organizations in China
260 _an
_bSharpe
_c1984
300 _a717p.
_ccm.
490 _v RR
650 _aCEL
942 _hn41.N83, M4
_cTEXL
_2CC
999 _c1091592
_d1091592